[Event "32nd ECC Open 2016"]
[Site "Novi Sad SRB"]
[Date "2016.11.10"]
[Round "5.4"]
[Board "6"]
[White "Dvirnyy, Danyyil"]
[Black "Toma, Radu-Cristian"]
[Result "1-0"]
[WhiteTitle "GM"]
[WhiteElo "2552"]
[BlackElo "2368"]
[WhiteTeam "OR Padova"]
[BlackTeam "AEM Luxten Timisoara"]
[WhiteFideId "817570"]
[BlackFideId "1217992"]
[EventDate "2016.11.06"]

1. d4 Nf6 2. c4 e6 3. Nf3 b6 4. g3 Bb7 5. Bg2 Bb4+ 6. Bd2 Be7 7. Nc3 d5 8. cxd5
exd5 9. O-O O-O 10. Qc2 Re8 11. Bf4 c6 12. Rad1 Nbd7 13. Ne5 Nf8 14. e4 Ne6 15.
Be3 Qc8 16. exd5 cxd5 17. Rc1 Bd6 18. Qb3 Qd8 19. Nxd5 Nxd5 20. Bxd5 Bxd5 21.
Qxd5 Bxe5 22. Qxe5 Nc5 23. Qf5 Ne4 24. Rfd1 g6 25. Qb5 Nd6 26. Qb3 Nf5 27. Rc3
Nxe3 28. Rxe3 Rxe3 29. Qxe3 Qd5 30. a3 Rd8 31. h4 h5 32. Kh2 Kg7 33. Rd2 Rd7 34.
Qe1 Rd8 35. Qh1 Qa5 36. Qd1 Qd5 37. Qf1 Rd7 38. Qg2 Qxg2+ 39. Kxg2 Kf6 40. Kf3
Ke6 41. Kf4 f6 42. f3 Kd5 43. g4 hxg4 44. fxg4 Rh7 45. Kg3 f5 46. Rf2 fxg4 47.
Rf6 Rh6 48. Rf7 a5 49. Rf6 b5 50. Rb6 Kc4 51. b3+ Kxb3 52. Rxb5+ Ka4 53. Rc5 Rh5
54. Kxg4 Kxa3 55. Rxh5 gxh5+ 56. Kf5 Kb3 57. d5 a4 58. d6 a3 59. d7 a2 60. d8=Q
a1=Q 61. Qg8+ Kc2 62. Qg2+ Kb3 63. Qg8+ Kc2 64. Qg2+ Kb3 65. Qf3+ Kc2 66. Qxh5
Qa5+ 67. Kg6 Qb6+ 68. Kh7 Qc7+ 69. Kh6 Qf4+ 70. Qg5 Qf8+ 71. Kh5 Qh8+ 72. Kg4
Qd4+ 73. Kh3 Qd3+ 74. Qg3 Qf5+ 75. Qg4 Qd3+ 76. Kh2 Qd6+ 77. Qg3 Qh6 78. Kg2 Qh5
79. Qf2+ Kb1 80. Kh3 Qh7 81. Qf1+ Ka2 82. Qf3 Qd7+ 83. Kg2 Qg7+ 84. Qg3 Qb7+ 85.
Kh2 Qh7 86. Qf4 Kb1 87. Qb4+ Ka1 88. Qa5+ Kb1 89. Qb5+ Ka2 90. Kg3 Qc7+ 91. Kg4
Qg7+ 92. Qg5 Qd4+ 93. Kh5 Qh8+ 94. Kg6 Qg8+ 95. Kf6 Qf8+ 96. Ke6 Qe8+ 97. Qe7
Qg6+ 98. Qf6 Qe8+ 99. Kd6 Qb8+ 100. Ke7 Qc7+ 101. Kf8 Qb8+ 102. Kg7 Qg3+ 103.
Kh8 Qb8+ 104. Kh7 Qc7+ 105. Kh6 Qc1+ 106. Kg7 Qg1+ 107. Kh8 Qg4 108. Qf7+ Ka3
109. h5 Qd4+ 110. Kg8 Qg4+ 111. Kf8 Qc8+ 112. Kg7 Qg4+ 113. Kh6 Qg3 114. Qe7+
Ka2 115. Kh7 Qd3+ 116. Kg8 Qb3+ 117. Qf7 Ka1 118. h6 Qb8+ 119. Qf8 Qb3+ 120. Kh8
Kb1 121. Qf5+ Ka2 122. Qf2+ Kb1 123. Qe1+ Ka2 124. Qe2+ Kb1 125. Qe4+ Ka2 126.
Qg2+ Ka3 127. Qa8+ Kb2 128. Qc8 Qf7 129. Qg8 Qf4 130. h7 Kc1 131. Qc8+ Kb1 132.
Qb7+ Kc1 133. Qc6+ Kd1 134. Qd5+ Kc1 135. Kg7 Qg3+ 136. Kf6 Qc3+ 137. Ke7 Qg7+
138. Qf7 Qe5+ 139. Kd7 Qd4+ 140. Kc8 Qh8+ 141. Kb7 Qb2+ 142. Ka7 Qa1+ 143. Kb8
Qb2+ 144. Qb7 Qd4 145. Qc8+ Kd1 146. h8=Q Qb6+ 147. Qb7 Qd6+ 148. Kc8 Qc5+ 149.
Qc7 1-0

[Event "32nd ECC Open 2016"]
[Site "Novi Sad SRB"]
[Date "2016.11.10"]
[Round "5.5"]
[Board "2"]
[White "Cvitan, Ognjen"]
[Black "Guseinov, Gadir"]
[Result "0-1"]
[WhiteTitle "GM"]
[BlackTitle "GM"]
[WhiteElo "2502"]
[BlackElo "2629"]
[WhiteTeam "Schachgesellschaft Riehen"]
[BlackTeam "Odlar Yurdu"]
[WhiteFideId "14500086"]
[BlackFideId "13401378"]
[EventDate "2016.11.06"]

1. d4 d6 2. e4 Nf6 3. Nc3 g6 4. Nf3 Bg7 5. Be2 O-O 6. O-O Bg4 7. Be3 Nc6 8. Qd2
a6 9. Rad1 Re8 10. h3 Bxf3 11. Bxf3 e5 12. dxe5 Nxe5 13. Be2 b5 14. f3 Ned7 15.
b3 Qe7 16. Rfe1 Nb6 17. Bf1 b4 18. Ne2 d5 19. Ng3 dxe4 20. Bxb6 cxb6 21. Nxe4
Nxe4 22. Rxe4 Qc5+ 23. Qf2 Rxe4 24. fxe4 Qc7 25. Bc4 b5 26. Bd5 Re8 27. Rd3 Be5
28. g4 Kg7 29. Rf3 Re7 30. g5 Kg8 31. h4 Kg7 32. h5 Qa7 33. h6+ Kf8 34. Qxa7
Rxa7 35. Kg2 Rc7 36. Kh3 f6 37. gxf6 Rxc2 38. f7 Rh2+ 39. Kg4 Rg2+ 40. Kh3 Rxa2
41. Rd3 Rf2 42. Bb7 Kxf7 43. Bxa6 Kf6 44. Kg4 Rf4+ 45. Kh3 Kg5 46. Kg2 Rxe4 47.
Rh3 Re2+ 48. Kf1 Rc2 49. Bxb5 Rc3 50. Kg2 Bd6 51. Bc4 Bf8 52. Bg8 Rc2+ 53. Kf1
Rc7 54. Rf3 Bxh6 55. Rf7 Rc8 56. Bxh7 Rh8 57. Rb7 Bf8 0-1

[Event "32nd ECC Open 2016"]
[Site "Novi Sad SRB"]
[Date "2016.11.10"]
[Round "5.5"]
[Board "3"]
[White "Naiditsch, Arkadij"]
[Black "Georgiadis, Ioannis"]
[Result "0-1"]
[WhiteTitle "GM"]
[BlackTitle "IM"]
[WhiteElo "2686"]
[BlackElo "2479"]
[WhiteTeam "Odlar Yurdu"]
[BlackTeam "Schachgesellschaft Riehen"]
[WhiteFideId "4650891"]
[BlackFideId "4208900"]
[EventDate "2016.11.06"]

1. d4 Nf6 2. Nf3 e6 3. e3 b6 4. Bd3 Bb7 5. O-O d5 6. b3 Bd6 7. Bb2 O-O 8. Nbd2
c5 9. c4 cxd4 10. exd4 Nc6 11. Re1 Rc8 12. Qe2 Ne7 13. Ne5 Ng6 14. Qe3 dxc4 15.
bxc4 Bxe5 16. dxe5 Nd7 17. Rad1 Qc7 18. Nb3 Rfd8 19. Bf1 Nc5 20. Nxc5 bxc5 21.
Rxd8+ Qxd8 22. Ba3 Qa5 23. Rb1 Ba6 24. Rb3 h6 25. Bc1 Rd8 26. Ra3 Qb6 27. Qb3
Bb7 28. f4 Qc6 29. Rxa7 Ba8 30. Qb5 Qe4 31. Rd7 Rc8 32. Qa6 Rb8 33. Qa7 Rb1 34.
Rd8+ Kh7 35. Qxa8 Qe1 36. Qf3 Qxc1 37. g3 Qxc4 38. Rd2 Rc1 39. Kg2 Qb4 40. Rf2
Rc3 41. Qe2 Ne7 42. Rf3 Nf5 43. Rxc3 Qxc3 44. Kh3 g6 45. a4 Qa3 46. Qb5 Qf3 47.
Be2 Qf2 48. Bd3 Ne3 49. Be4 Kg7 50. a5 g5 0-1

[Event "32nd ECC Open 2016"]
[Site "Novi Sad SRB"]
[Date "2016.11.10"]
[Round "5.5"]
[Board "4"]
[White "Brunner, Nicolas"]
[Black "Safarli, Eltaj"]
[Result "0-1"]
[WhiteTitle "IM"]
[BlackTitle "GM"]
[WhiteElo "2469"]
[BlackElo "2694"]
[WhiteTeam "Schachgesellschaft Riehen"]
[BlackTeam "Odlar Yurdu"]
[WhiteFideId "620246"]
[BlackFideId "13402129"]
[EventDate "2016.11.06"]

1. d4 Nf6 2. c4 e6 3. Nf3 b6 4. Nc3 Bb4 5. e3 O-O 6. Bd3 d5 7. O-O Ba6 8. cxd5
exd5 9. Bxa6 Nxa6 10. Qa4 Qc8 11. Bd2 Qb7 12. Rac1 Rfe8 13. Rfd1 Bf8 14. Be1 Nb8
15. b4 Nbd7 16. Ne2 b5 17. Qc2 Bd6 18. a4 bxa4 19. Qxa4 Reb8 20. Rb1 Nb6 21. Qa2
c6 22. Nc1 Nc4 23. Nd3 Qe7 24. Nd2 Ng4 25. h3 Ngxe3 26. fxe3 Qxe3+ 27. Nf2 Qe2
28. Qa4 Ne3 29. Rdc1 Bg3 30. Rc3 Re8 31. Qxc6 Rad8 32. Rxe3 Rxe3 33. Nf1 Qa2 34.
Nxe3 Qxb1 35. Kf1 h5 36. Qc2 Qa1 37. Qc3 Qa6+ 38. Qd3 Qe6 39. Nfd1 Qf6+ 40. Ke2
Bf4 41. Bf2 a6 42. Nc3 Bxe3 43. Bxe3 Qd6 44. Nd1 Re8 45. Kf1 Qxb4 46. Qxa6 Qb1
47. Qe2 Rxe3 48. Qxe3 Qxd1+ 49. Kf2 Qc2+ 50. Kg1 Qe4 51. Qc3 h4 52. Kh1 Kh7 53.
Qc7 Kg6 54. Qd6+ Kf5 55. Qf8 Kg6 56. Qd6+ f6 57. Qc5 Kh6 58. Qc1+ g5 59. Qc5 Kg6
60. Kh2 Kf5 61. Qc8+ Kf4 62. Qc1+ Qe3 63. Qc7+ Ke4 64. Qe7+ Kxd4 65. Qb4+ Kd3
66. Qb5+ Kc2 67. Qa4+ Qb3 68. Qd4 Qg3+ 69. Kg1 Qe1+ 0-1

[Event "32nd ECC Open 2016"]
[Site "Novi Sad SRB"]
[Date "2016.11.10"]
[Round "5.5"]
[Board "5"]
[White "Sutovsky, Emil"]
[Black "Buss, Ralph"]
[Result "1-0"]
[WhiteTitle "GM"]
[BlackTitle "IM"]
[WhiteElo "2625"]
[BlackElo "2360"]
[WhiteTeam "Odlar Yurdu"]
[BlackTeam "Schachgesellschaft Riehen"]
[WhiteFideId "2802007"]
[BlackFideId "1305697"]
[EventDate "2016.11.06"]

1. e4 e5 2. Nf3 Nc6 3. Bb5 Nf6 4. O-O Nxe4 5. d4 Nd6 6. Bxc6 dxc6 7. dxe5 Nf5 8.
Qxd8+ Kxd8 9. h3 Bd7 10. Rd1 Be7 11. g4 Nh4 12. Nxh4 Bxh4 13. Nd2 Kc8 14. Nf3
Be7 15. Bg5 Bc5 16. Be3 Be7 17. Bg5 Bc5 18. Be3 Be7 19. Rd2 Re8 20. Rad1 Be6 21.
Bg5 b5 22. Bxe7 Rxe7 23. Nd4 Bd5 24. f4 g6 25. Nxb5 Rb8 26. Nxa7+ Kb7 27. Nb5
Bf3 28. Rf1 Bxg4 29. hxg4 cxb5 30. g5 Kc6 31. Rfd1 Ra8 32. a4 Rxa4 33. Rd4 Rxd4
34. Rxd4 Re8 35. Rd3 Rh8 36. Kg2 1-0

[Event "32nd ECC Open 2016"]
[Site "Novi Sad SRB"]
[Date "2016.11.10"]
[Round "5.5"]
[Board "6"]
[White "Schmidt-Schaeffer, Sebastian"]
[Black "Durarbayli, Vasif"]
[Result "0-1"]
[BlackTitle "GM"]
[WhiteElo "2386"]
[BlackElo "2606"]
[WhiteTeam "Schachgesellschaft Riehen"]
[BlackTeam "Odlar Yurdu"]
[WhiteFideId "4610148"]
[BlackFideId "13402935"]
[EventDate "2016.11.06"]

1. Nf3 c5 2. c4 Nf6 3. Nc3 e6 4. g3 b6 5. Bg2 Bb7 6. O-O Be7 7. b3 O-O 8. Bb2 a6
9. d4 cxd4 10. Qxd4 d6 11. Rfd1 Qc7 12. Rac1 Nbd7 13. Ng5 Bxg2 14. Kxg2 Qb7+ 15.
f3 b5 16. cxb5 axb5 17. b4 d5 18. a3 h6 19. Nh3 Nb6 20. Nxb5 Na4 21. Nc7 Rac8
22. Nxe6 fxe6 23. Nf4 Bd6 24. Nxe6 Rfe8 25. Rxc8 Qxc8 26. Nxg7 Rxe2+ 27. Kf1
Rxb2 28. Qxf6 Qa6+ 29. b5 Qxb5+ 30. Kg1 Qb6+ 31. Kf1 Qf2# 0-1

[Event "32nd ECC Open 2016"]
[Site "Novi Sad SRB"]
[Date "2016.11.10"]
[Round "5.6"]
[Board "1"]
[White "Papp, Gabor1"]
[Black "Harikrishna, Pentala"]
[Result "0-1"]
[WhiteTitle "GM"]
[BlackTitle "GM"]
[WhiteElo "2587"]
[BlackElo "2768"]
[WhiteTeam "CSM Baia Mare"]
[BlackTeam "AVE Novy Bor"]
[WhiteFideId "718602"]
[BlackFideId "5007003"]
[EventDate "2016.11.06"]

1. e4 e5 2. Nf3 Nc6 3. Bc4 Bc5 4. O-O Nf6 5. d3 d6 6. c3 h6 7. Re1 O-O 8. h3 a5
9. Nbd2 a4 10. Bb5 Bd7 11. Nc4 Nb8 12. Bxd7 Nbxd7 13. d4 Ba7 14. dxe5 dxe5 15.
Be3 Bxe3 16. Nxe3 a3 17. b4 Nxe4 18. Nf5 Ndf6 19. Qc2 Qd7 20. g4 Qa4 21. Qxa4
Rxa4 22. Re3 g6 23. Nxh6+ Kg7 24. h4 Kxh6 25. g5+ Kg7 26. gxf6+ Nxf6 27. Rxe5
Rd8 28. Re7 Nd5 29. Re5 Nxc3 30. Rc5 Nd5 31. Rd1 c6 32. b5 Ra5 33. Nd4 Rh8 34.
Nb3 Ra4 35. bxc6 Rg4+ 36. Kf1 bxc6 37. Rd4 Nf4 38. h5 Rh4 39. f3 Rh1+ 40. Kf2
Ne6 41. hxg6 Nxc5 42. Nxc5 R1h2+ 0-1

[Event "32nd ECC Open 2016"]
[Site "Novi Sad SRB"]
[Date "2016.11.10"]
[Round "5.6"]
[Board "2"]
[White "Wojtaszek, Radoslaw"]
[Black "Erdos, Viktor"]
[Result "1-0"]
[WhiteTitle "GM"]
[BlackTitle "GM"]
[WhiteElo "2744"]
[BlackElo "2585"]
[WhiteTeam "AVE Novy Bor"]
[BlackTeam "CSM Baia Mare"]
[WhiteFideId "1118358"]
[BlackFideId "719978"]
[EventDate "2016.11.06"]

1. d4 Nf6 2. c4 g6 3. f3 e6 4. e4 c5 5. d5 d6 6. Ne2 Bg7 7. Nbc3 exd5 8. cxd5
O-O 9. Ng3 h5 10. Be2 a6 11. a4 Nh7 12. Be3 h4 13. Nf1 f5 14. exf5 gxf5 15. Nd2
Nd7 16. f4 h3 17. O-O hxg2 18. Rf2 Re8 19. Nc4 Nb6 20. Nxb6 Qxb6 21. Qd2 Rxe3
22. Qxe3 Qxb2 23. Qe8+ Nf8 24. Rd1 Qxc3 25. Rxg2 Qf6 26. Kh1 Qf7 27. Qd8 b5 28.
Rdg1 Qxd5 29. Qe7 Ne6 30. Bh5 Bb7 31. Bf7+ Kh7 32. Bxe6 1-0

[Event "32nd ECC Open 2016"]
[Site "Novi Sad SRB"]
[Date "2016.11.10"]
[Round "5.6"]
[Board "3"]
[White "Vajda, Levente"]
[Black "Navara, David"]
[Result "1/2-1/2"]
[WhiteTitle "GM"]
[BlackTitle "GM"]
[WhiteElo "2597"]
[BlackElo "2725"]
[WhiteTeam "CSM Baia Mare"]
[BlackTeam "AVE Novy Bor"]
[WhiteFideId "1203975"]
[BlackFideId "309095"]
[EventDate "2016.11.06"]

1. Nf3 c5 2. g3 g6 3. Bg2 Bg7 4. O-O Nc6 5. e4 Nf6 6. d3 O-O 7. c3 d5 8. e5 Ne8
9. d4 Bg4 10. Be3 cxd4 11. cxd4 f6 12. exf6 Bxf6 13. Qb3 Bxf3 14. Bxf3 e6 15.
Bg4 Ng7 16. Rd1 Na5 17. Qb4 Nc4 18. Nd2 Nxe3 19. fxe3 Bg5 20. Qb3 h5 21. Bh3 Nf5
22. Bxf5 Rxf5 23. Rf1 Qb6 24. Rxf5 gxf5 25. Kf2 Rc8 26. Qxb6 axb6 27. Ke2 Kf7
28. Kd3 Ke7 29. Nf3 Bf6 30. a3 Kd6 31. Rf1 1/2-1/2

[Event "32nd ECC Open 2016"]
[Site "Novi Sad SRB"]
[Date "2016.11.10"]
[Round "5.6"]
[Board "4"]
[White "Shirov, Alexei"]
[Black "Georgescu, Tiberiu-Marian"]
[Result "1-0"]
[WhiteTitle "GM"]
[BlackTitle "GM"]
[WhiteElo "2677"]
[BlackElo "2460"]
[WhiteTeam "AVE Novy Bor"]
[BlackTeam "CSM Baia Mare"]
[WhiteFideId "2209390"]
[BlackFideId "1213300"]
[EventDate "2016.11.06"]

1. e4 e5 2. Nf3 Nc6 3. Bb5 Nf6 4. O-O Nxe4 5. d4 Nd6 6. Bxc6 dxc6 7. dxe5 Nf5 8.
Qxd8+ Kxd8 9. Nc3 Ke8 10. h3 h5 11. Bf4 Bd7 12. Rad1 Rd8 13. Ng5 Be7 14. e6 Bxe6
15. Nxe6 fxe6 16. Bxc7 Rd4 17. Rxd4 Nxd4 18. Be5 Bf6 19. Bxd4 Bxd4 20. Ne4 Ke7
21. Rd1 Bb6 22. Kf1 Rf8 23. Ke2 Rf5 24. g4 Rf8 25. c4 hxg4 26. hxg4 Rh8 27. Kf3
Rh2 28. b3 Bc7 29. Nc5 Bb6 30. Kg3 Rh6 31. Nxb7 Rh8 32. c5 Bc7+ 33. Nd6 Rd8 34.
Kf4 Bxd6+ 35. Rxd6 Rxd6 36. cxd6+ Kxd6 37. Kg5 Ke7 38. Kg6 Kf8 39. Kh7 Kf7 40.
g5 c5 41. f4 a6 42. a3 a5 43. a4 1-0

[Event "32nd ECC Open 2016"]
[Site "Novi Sad SRB"]
[Date "2016.11.10"]
[Round "5.6"]
[Board "6"]
[White "Sasikiran, Krishnan"]
[Black "Szabo, Attila1"]
[Result "1-0"]
[WhiteTitle "GM"]
[BlackTitle "FM"]
[WhiteElo "2654"]
[BlackElo "2312"]
[WhiteTeam "AVE Novy Bor"]
[BlackTeam "CSM Baia Mare"]
[WhiteFideId "5004985"]
[BlackFideId "1206532"]
[EventDate "2016.11.06"]

1. e4 c5 2. Nf3 Nc6 3. d4 cxd4 4. Nxd4 Nf6 5. Nc3 d6 6. Bg5 e6 7. Qd2 a6 8.
O-O-O Be7 9. f4 Qc7 10. Kb1 Bd7 11. Nf3 O-O-O 12. Bd3 h6 13. Bh4 Kb8 14. Qe1 Bc8
15. Bf2 Qa5 16. Qg1 Nd7 17. Nd2 b5 18. Nb3 Qc7 19. a4 bxa4 20. Nxa4 Bb7 21. Qe1
g5 22. g3 h5 23. Qe3 Rdg8 24. Rd2 h4 25. Rhd1 hxg3 26. hxg3 gxf4 27. gxf4 e5 28.
Qe2 Qc8 29. fxe5 Ndxe5 30. Nb6 Qg4 31. Bxa6 Qxe2 32. Bxe2 Nb4 33. Nd5 Nxd5 34.
exd5 f5 35. Na5 f4 36. Rd4 Rh2 37. Rxf4 Rf8 38. Rb4 Rfxf2 39. Rxb7+ Kc8 40. Ba6 1-0

[Event "32nd ECC Open 2016"]
[Site "Novi Sad SRB"]
[Date "2016.11.10"]
[Round "5.7"]
[Board "1"]
[White "Inarkiev, Ernesto"]
[Black "Edouard, Romain"]
[Result "1-0"]
[WhiteTitle "GM"]
[BlackTitle "GM"]
[WhiteElo "2714"]
[BlackElo "2628"]
[WhiteTeam "SHSM Legacy Square Moscow"]
[BlackTeam "KGSRL Gent"]
[WhiteFideId "4162722"]
[BlackFideId "633429"]
[EventDate "2016.11.06"]

1. e4 e5 2. Nf3 Nc6 3. Bb5 f5 4. Nc3 fxe4 5. Nxe4 Nf6 6. Nxf6+ Qxf6 7. Qe2 Be7
8. Bxc6 bxc6 9. Nxe5 Qe6 10. d4 Bf6 11. Nf3 Qxe2+ 12. Kxe2 Ba6+ 13. Kd1 O-O 14.
c3 Bd3 15. Be3 Rab8 16. b3 Be4 17. Ke2 Bxf3+ 18. gxf3 Be7 19. h4 Rf5 20. h5 h6
21. c4 Kh7 22. c5 d6 23. Rac1 dxc5 24. dxc5 Rd8 25. f4 Rdd5 26. b4 a5 27. bxa5
Bxc5 28. Kf3 Bd6 29. a6 Ra5 30. Rxc6 Ra3 31. Kg4 Rfa5 32. a7 Rxa2 33. Rb1 Rxa7
34. Bxa7 Rxa7 35. Rc4 Ra2 36. Rf1 Kg8 37. Rd4 Kf7 38. Rd5 g6 39. Rd4 Kf6 40.
hxg6 Kxg6 41. Kf3 Ra5 42. Rh1 h5 43. Re4 Kf7 44. Rhe1 Ra3+ 45. R1e3 Ra5 46. Rd3
Kf6 47. Red4 Ke6 48. Ke4 Ra2 49. Rd2 Ra1 50. Rd5 Rh1 51. R2d4 Rh3 52. Rg5 Rh1
53. Rdd5 h4 54. Rg6+ Kd7 55. Rh6 h3 56. Kf3 Ra1 57. Rf5 c5 58. Rd5 Ra6 59. Kg4
c4 60. Rxh3 Ra4 61. Rd4 1-0

[Event "32nd ECC Open 2016"]
[Site "Novi Sad SRB"]
[Date "2016.11.10"]
[Round "5.7"]
[Board "3"]
[White "Malakhov, Vladimir"]
[Black "Rozentalis, Eduardas"]
[Result "1/2-1/2"]
[WhiteTitle "GM"]
[BlackTitle "GM"]
[WhiteElo "2698"]
[BlackElo "2573"]
[WhiteTeam "SHSM Legacy Square Moscow"]
[BlackTeam "KGSRL Gent"]
[WhiteFideId "4120787"]
[BlackFideId "12800023"]
[EventDate "2016.11.06"]

1. g3 Nf6 2. Bg2 e6 3. c4 d5 4. Nf3 dxc4 5. Qa4+ Nbd7 6. Qxc4 a6 7. Qb3 Bd6 8.
O-O O-O 9. d3 e5 10. Nbd2 Nb6 11. Qc2 h6 12. b3 Bg4 13. Bb2 Re8 14. e3 Qd7 15.
d4 exd4 16. Bxd4 Qe6 17. Qb2 Nbd7 18. Nc4 Bf8 19. Nfe5 Bh3 20. Bxb7 Bxf1 21.
Rxf1 Nxe5 22. Bxe5 Rab8 23. Bg2 Nd7 24. Bd4 Nb6 25. Qc2 Nxc4 26. bxc4 Qg6 27.
Qxg6 fxg6 28. Bd5+ Kh7 29. c5 Be7 30. e4 Bf6 31. Be3 Rb4 1/2-1/2

[Event "32nd ECC Open 2016"]
[Site "Novi Sad SRB"]
[Date "2016.11.10"]
[Round "5.7"]
[Board "4"]
[White "Schoppen, Casper"]
[Black "Zvjaginsev, Vadim"]
[Result "1/2-1/2"]
[BlackTitle "GM"]
[WhiteElo "2325"]
[BlackElo "2675"]
[WhiteTeam "KGSRL Gent"]
[BlackTeam "SHSM Legacy Square Moscow"]
[WhiteFideId "1046730"]
[BlackFideId "4113403"]
[EventDate "2016.11.06"]

1. d4 d5 2. Nf3 Nf6 3. Bf4 g6 4. e3 Bg7 5. Nbd2 O-O 6. Bd3 c5 7. c3 Nc6 8. h3
Nd7 9. O-O e5 10. dxe5 Ndxe5 11. Nxe5 Nxe5 12. Be2 Qb6 13. Qb3 Be6 14. Qxb6 axb6
15. Bxe5 Bxe5 16. Nf3 Bf6 17. Rfd1 Rfd8 18. a3 g5 19. Nd2 Bd7 20. Bf3 Ba4 21.
Re1 Bg7 22. Nf1 Be5 23. Bd1 Bc6 24. Bb3 Kg7 25. Rad1 Rd7 26. Rd2 Rad8 27. Ng3
Bxg3 28. fxg3 Re8 29. Red1 Rxe3 30. Bxd5 Ba4 31. Kf2 Rde7 1/2-1/2

[Event "32nd ECC Open 2016"]
[Site "Novi Sad SRB"]
[Date "2016.11.10"]
[Round "5.7"]
[Board "5"]
[White "Najer, Evgeniy"]
[Black "Goormachtigh, Johan"]
[Result "1-0"]
[WhiteTitle "GM"]
[BlackTitle "FM"]
[WhiteElo "2683"]
[BlackElo "2184"]
[WhiteTeam "SHSM Legacy Square Moscow"]
[BlackTeam "KGSRL Gent"]
[WhiteFideId "4118987"]
[BlackFideId "200280"]
[EventDate "2016.11.06"]

1. e4 c5 2. Nf3 e6 3. d4 cxd4 4. Nxd4 Nc6 5. Nc3 Qc7 6. Be3 a6 7. Qf3 Bd6 8.
O-O-O Be5 9. g3 Nge7 10. Qe2 b5 11. f4 Bxd4 12. Bxd4 Nxd4 13. Rxd4 Bb7 14. Bg2
O-O 15. Rhd1 Bc6 16. e5 Rad8 17. Be4 Bxe4 18. Nxe4 Nd5 19. Qd3 f6 20. Rxd5 exd5
21. Qxd5+ Kh8 22. exf6 gxf6 23. Nd6 Kg7 24. Re1 Qc6 25. Re7+ Kh8 26. Nf7+ Rxf7
27. Qxc6 dxc6 28. Rxf7 Rd6 29. b4 Kg8 30. Ra7 f5 31. Rxa6 Rh6 32. a4 Rxh2 33. a5 1-0

[Event "32nd ECC Open 2016"]
[Site "Novi Sad SRB"]
[Date "2016.11.10"]
[Round "5.7"]
[Board "6"]
[White "Vanheirzeele, Daniel"]
[Black "Popov, Ivan RUS"]
[Result "0-1"]
[BlackTitle "GM"]
[WhiteElo "2120"]
[BlackElo "2596"]
[WhiteTeam "KGSRL Gent"]
[BlackTeam "SHSM Legacy Square Moscow"]
[WhiteFideId "200425"]
[BlackFideId "4170350"]
[EventDate "2016.11.06"]

1. d4 Nf6 2. c4 e6 3. g3 c5 4. Nf3 cxd4 5. Nxd4 Qc7 6. Nc3 a6 7. Bg2 Qxc4 8. O-O
Nc6 9. Nxc6 dxc6 10. Bf4 Nd5 11. Nxd5 exd5 12. b3 Qb5 13. e4 dxe4 14. Bxe4 Be6
15. Re1 Rd8 16. Qc2 Bd6 17. Bd2 Qh5 18. Bc3 O-O 19. Qb2 Qh6 20. Rad1 Rfe8 21.
Ba5 Rd7 22. Bf5 Bxg3 0-1

[Event "32nd ECC Open 2016"]
[Site "Novi Sad SRB"]
[Date "2016.11.10"]
[Round "5.8"]
[Board "1"]
[White "Postny, Evgeny"]
[Black "Van Wely, Loek"]
[Result "1/2-1/2"]
[WhiteTitle "GM"]
[BlackTitle "GM"]
[WhiteElo "2616"]
[BlackElo "2685"]
[WhiteTeam "Beer Sheva Chess Club"]
[BlackTeam "Schachgesellschaft Zurich"]
[WhiteFideId "2804344"]
[BlackFideId "1000268"]
[EventDate "2016.11.06"]

1. d4 Nf6 2. c4 e6 3. Nf3 Bb4+ 4. Bd2 a5 5. g3 d6 6. Bg2 Nbd7 7. O-O e5 8. Be3
O-O 9. Qc2 exd4 10. Bxd4 Re8 11. Nc3 c6 12. Rad1 Qe7 13. a3 Bc5 14. Rfe1 h6 15.
e4 Bxd4 16. Nxd4 Nb6 17. Na4 Nxa4 18. Qxa4 Be6 19. Qc2 a4 20. Qc3 Qc7 21. Nc2
Nd7 22. Qb4 c5 23. Qc3 Ra6 24. f4 Nf6 25. Ne3 Ng4 26. f5 Nxe3 27. Rxe3 Bd7 28.
Red3 b5 29. Qd2 bxc4 30. Rxd6 Bb5 31. f6 Rxd6 32. Qxd6 Qxd6 33. Rxd6 gxf6 34.
Rxf6 Rb8 35. e5 c3 36. bxc3 Bc4 37. Rf4 Rb1+ 38. Kf2 Rb2+ 39. Ke3 Be6 40. Bc6
Rb3 41. Kd2 Rb2+ 42. Kd3 Rxh2 43. Bxa4 Rg2 44. Rf3 Bd5 45. Re3 Ra2 46. Bb5 Rxa3
47. Bc4 Bg2 48. Re1 Ra4 49. e6 fxe6 50. Bb3 c4+ 51. Bxc4 Bd5 52. Bb5 Rg4 53. Re3
Kf7 54. c4 Bg2 55. Kc3 Ke7 56. Kb4 Kd6 57. Rd3+ Ke5 58. Re3+ Kd6 59. Rd3+ Ke5
60. Kc5 h5 61. Re3+ Re4 62. Rxe4+ Bxe4 63. Kb6 Kf5 64. c5 Kg4 65. Be2+ Kxg3 66.
Bxh5 e5 67. Kc7 Ba8 68. Kd6 e4 69. c6 Bxc6 70. Kxc6 1/2-1/2

[Event "32nd ECC Open 2016"]
[Site "Novi Sad SRB"]
[Date "2016.11.10"]
[Round "5.8"]
[Board "2"]
[White "Bauer, Christian"]
[Black "Roiz, Michael"]
[Result "1/2-1/2"]
[WhiteTitle "GM"]
[BlackTitle "GM"]
[WhiteElo "2632"]
[BlackElo "2605"]
[WhiteTeam "Schachgesellschaft Zurich"]
[BlackTeam "Beer Sheva Chess Club"]
[WhiteFideId "603767"]
[BlackFideId "2804158"]
[EventDate "2016.11.06"]

1. e4 c6 2. d4 d5 3. e5 Bf5 4. Nf3 e6 5. Be2 Ne7 6. O-O Nd7 7. Nh4 c5 8. c3 Be4
9. Nd2 Nc6 10. g3 Qb6 11. dxc5 Nxc5 12. b4 Nd3 13. Nxe4 Nxc1 14. Qxc1 dxe4 15.
Qf4 Qc7 16. Qxe4 Qxe5 17. Qxe5 Nxe5 18. Bb5+ Nc6 19. Nf3 Bd6 20. Nd4 Rc8 21.
Rfe1 g6 22. Rad1 Ke7 23. Nxc6+ bxc6 24. Ba6 Rb8 25. Re3 Rhd8 26. Kf1 Bc7 27.
Red3 Rxd3 28. Rxd3 Rd8 29. Rxd8 Kxd8 30. Ke2 Be5 1/2-1/2

[Event "32nd ECC Open 2016"]
[Site "Novi Sad SRB"]
[Date "2016.11.10"]
[Round "5.8"]
[Board "3"]
[White "Huzman, Alexander"]
[Black "Pelletier, Yannick"]
[Result "1/2-1/2"]
[WhiteTitle "GM"]
[BlackTitle "GM"]
[WhiteElo "2567"]
[BlackElo "2566"]
[WhiteTeam "Beer Sheva Chess Club"]
[BlackTeam "Schachgesellschaft Zurich"]
[WhiteFideId "2803828"]
[BlackFideId "1301837"]
[EventDate "2016.11.06"]

1. Nf3 d5 2. d4 Nf6 3. c4 e6 4. g3 Bb4+ 5. Bd2 Be7 6. Bg2 c6 7. Qc2 b6 8. Bf4
Bb7 9. O-O O-O 10. Rd1 Na6 11. a3 Rc8 12. Nc3 dxc4 13. Ne5 Nd5 14. Nxc4 Nxf4 15.
gxf4 Nc7 16. e3 Nd5 17. b4 Kh8 18. Ne2 Qe8 19. Rab1 Ba6 20. Qb3 f5 21. Kh1 Rg8
22. Bf3 Bxc4 23. Qxc4 b5 24. Qb3 Bd6 25. Rg1 Qd8 26. Rg2 a5 27. Bxd5 cxd5 28.
bxa5 Qxa5 29. Qxb5 Qxa3 30. Ng1 Rb8 31. Qf1 Rxb1 32. Qxb1 Rb8 33. Qc2 Qa6 34.
Nf3 Rc8 1/2-1/2